[Event "Sparkassen Open A"]
[Site "Dortmund GER"]
[Date "2012.07.19"]
[Round "6.29"]
[White "Kozlov,Alex GER"]
[Black "Hartung,T2"]
[Result "1-0"]
[WhiteElo "2204"]
[BlackElo "2013"]

1.d4 Nf6 2.Nf3 g6 3.c4 d6 4.Nc3 Bg7 5.e4 O-O 6.Be2 e5 7.O-O Nc6 8.d5 Ne7
9.Nd2 a5 10.a3 Ne8 11.Rb1 f5 12.f3 Nf6 13.b4 axb4 14.axb4 f4 15.c5 g5 16.cxd6 cxd6
17.Nc4 h5 18.Bd2 g4 19.Nb5 g3 20.Nbxd6 Ng6 21.Nxc8 Rxc8 22.h3 Nh7 23.Qb3 Kh8
24.b5 Qh4 25.Rfc1 Ng5 26.Bf1 Rg8 27.Nd6 Rxc1 28.Rxc1  1-0

[Event "Sparkassen Open A"]
[Site "Dortmund GER"]
[Date "2012.07.19"]
[Round "6.6"]
[White "Podzielny,KH"]
[Black "Kartsev,So"]
[Result "1-0"]
[WhiteElo "2438"]
[BlackElo "2198"]

1.d4 Nf6 2.Nf3 g6 3.c4 Bg7 4.Nc3 O-O 5.e4 d6 6.Be2 e5 7.O-O Nc6 8.d5 Ne7
9.b4 Nh5 10.g3 f5 11.Ng5 Nf6 12.Bf3 f4 13.c5 dxc5 14.bxc5 h6 15.Ne6 Bxe6
16.dxe6 c6 17.Qb3 Qc8 18.Rd1 Kh7 19.Bb2 fxg3 20.hxg3 Rd8 21.Rd6 Qc7 22.Rad1 b6
23.Ne2 bxc5 24.Bxe5 Re8 25.Qc3 Neg8 26.Nf4 Qe7 27.Qc2 Rad8 28.Bxf6 Qxf6 29.e5 Qg5
30.Nxg6 Bh8 31.Nf8+ Kg7 32.Qh7+ Kxf8 33.Qf7+  1-0

[Event "Sparkassen Open A"]
[Site "Dortmund GER"]
[Date "2012.07.20"]
[Round "7.21"]
[White "Kozlov,Alex GER"]
[Black "Giraud,Valerian"]
[Result "1-0"]
[WhiteElo "2204"]
[BlackElo "2024"]

1.d4 Nf6 2.c4 g6 3.Nc3 Bg7 4.e4 d6 5.Nf3 O-O 6.Be2 e5 7.O-O Nc6 8.d5 Ne7
9.Nd2 c6 10.b4 b5 11.dxc6 Nxc6 12.cxb5 Nd4 13.Nb3 Be6 14.Be3 Rc8 15.Nxd4 Rxc3
16.Nc6 Qc7 17.Bd3 d5 18.Bc5 Re8 19.Qd2 d4 20.Rfc1 Rxc1+ 21.Qxc1 a6 22.Na5 axb5
23.Bxb5 Rc8 24.Ba6 Ra8 25.Bd3 Nh5 26.g3 Nf4 27.gxf4 Bh6 28.Nc4 Bxf4 29.Qd1 Qd8
30.Qf3 h5 31.Qg2 Qh4 32.f3 Bh3 33.Qf2 Qg5+ 34.Kh1 Kh7 35.Bf1 Be6 36.a4 f5
37.Nd6 Be3 38.Qg2 Qh6 39.a5 g5 40.Nxf5 Bxf5 41.exf5 g4 42.fxg4 Rg8 43.Be2 d3
44.Bd1 Bxc5 45.bxc5 Qe3 46.Qg3 Qd4 47.Ra4 Qd5+ 48.Qf3  1-0

[Event "23rd Czech Open A"]
[Site "Pardubice CZE"]
[Date "2012.07.20"]
[Round "1.84"]
[White "Sabuk,P"]
[Black "Ponizil,C"]
[Result "0-1"]
[WhiteElo "2170"]
[BlackElo "2396"]

1.d4 Nf6 2.c4 g6 3.Nc3 Bg7 4.e4 d6 5.Nf3 O-O 6.Be2 e5 7.O-O Nc6 8.d5 Ne7
9.b4 Nh5 10.g3 f5 11.Ng5 Nf6 12.Bf3 fxe4 13.Ncxe4 Nf5 14.Nxf6+ Bxf6 15.Ne4 Nd4
16.Bg2 Bf5 17.Be3 Bg7 18.h3 a5 19.bxa5 Rxa5 20.a4 Qd7 21.Bd2 Ra6 22.Kh2 b6
23.a5 bxa5 24.Rxa5 Rxa5 25.Bxa5 Ra8 26.Bc3 Qa4 27.c5 Bxe4 28.Bxe4 Nb5 29.Bc2 Qc4
30.Bd2 Qxc5 31.Be3 Nd4 32.Be4 Qc4 33.Qd3 Qxd3 34.Bxd3 Ra3 35.Be4 Ne2 36.Rd1 Ra4
37.Bf3 Nc3 38.Rc1 e4 39.Bg4 Kf8 40.Be6 Ra2 41.Kg2 Bf6 42.h4 Ke7 43.Bg8 h5
44.Kf1 Ra8 45.Bd2 Nb5 46.Be6 c5 47.Rb1 Ra1 48.Rxa1 Bxa1 49.Bc8 Nc7 50.Bb7 Bd4
51.Ke2 c4 52.f3 exf3+ 53.Kxf3 c3 54.Bg5+ Bf6 55.Ke3 Nb5 56.Kd3 Bxg5 57.hxg5 Nd4
58.Kxc3 Nf3 59.Ba6 Nxg5 60.Kd4 Kf6 61.Bc8 Nf3+ 62.Ke4 Nd2+ 63.Ke3 Nc4+ 64.Kf4 Ne5
65.Be6 Nd3+ 66.Ke3 Nc5 67.Bh3 Ke5 68.Bg2 Nd7 69.Be4 g5 70.Bf3 Nf6 71.Kd3 g4
72.Bg2 Nxd5 73.Be4 Ne7  0-1

[Event "7th Nana Aleksandria Cup"]
[Site "Poti GEO"]
[Date "2012.07.20"]
[Round "9.7"]
[White "Nigalidze,G"]
[Black "Morchiashvili,B"]
[Result "1-0"]
[WhiteElo "2441"]
[BlackElo "2352"]

1.d4 Nf6 2.c4 g6 3.Nc3 Bg7 4.e4 d6 5.Nf3 O-O 6.Be2 e5 7.O-O Nc6 8.d5 Ne7
9.b4 Nh5 10.Re1 f5 11.Qc2 Nf6 12.Bd3 h6 13.Bb2 f4 14.c5 g5 15.cxd6 cxd6 16.Nb5 Ne8
17.Rac1 Bd7 18.Nxd6 Nxd6 19.Nxe5 Rc8 20.Qb3 Rxc1 21.Rxc1 f3 22.Nxd7 Qxd7
23.e5 Qg4 24.g3 Ng6 25.exd6 Nf4 26.Rc7 Rf7 27.d7 Qh3 28.d8=Q+ Bf8 29.Bh7+ Rxh7
30.Qxf3  1-0

[Event "23rd Czech Open A"]
[Site "Pardubice CZE"]
[Date "2012.07.21"]
[Round "2.68"]
[White "Kislik,E"]
[Black "Linster,P"]
[Result "1-0"]
[WhiteElo "2408"]
[BlackElo "2205"]

1.d4 Nf6 2.c4 g6 3.Nc3 Bg7 4.e4 d6 5.Nf3 O-O 6.Be2 e5 7.O-O Nc6 8.d5 Ne7
9.b4 Ne8 10.a4 f5 11.Nd2 Nf6 12.f3 f4 13.c5 g5 14.Ba3 Ng6 15.a5 Rf7 16.Nc4 h5
17.b5 dxc5 18.b6 Bf8 19.bxc7 Rxc7 20.Nb5 Rg7 21.Bb2 Qe8 22.Nbd6 Bxd6 23.Nxd6 Qe7
24.Nf5 Bxf5 25.exf5 Nh4 26.d6 Qf8 27.Bxe5 Nxf5 28.Qb3+ Kh8 29.Qe6 Nd4 30.Qxf6 Nxe2+
31.Kf2 Nd4 32.Rfb1 Rb8 33.Rxb7  1-0

[Event "23rd Czech Open A"]
[Site "Pardubice CZE"]
[Date "2012.07.23"]
[Round "4.95"]
[White "Novotny,M1"]
[Black "Raum,S"]
[Result "1-0"]
[WhiteElo "2284"]
[BlackElo "2156"]

1.d4 Nf6 2.c4 g6 3.Nc3 Bg7 4.e4 d6 5.Be2 O-O 6.Nf3 e5 7.O-O Nc6 8.d5 Ne7
9.Ne1 Nd7 10.Nd3 f5 11.Bd2 Nf6 12.f3 f4 13.Rc1 g5 14.c5 Ng6 15.Nb5 Rf7 16.Ba5 b6
17.cxd6 cxd6 18.Be1 g4 19.Nb4 g3 20.Nc6 Qf8 21.Bb4 Bh8 22.Qd2 gxh2+ 23.Kf2 Nh4
24.Rh1 Qg7 25.Rxh2 Bh3 26.Ke1 Nxg2+ 27.Rxg2 Qxg2 28.Kd1 Nxe4 29.fxe4 f3 30.Bd3 f2
31.Kc2 Bg7 32.Kb3 Qg3 33.Rc3 Qxd3 34.Qxd3 f1=Q 35.Nxd6 Qxd3 36.Rxd3 Bf1 37.Rg3 Rc7
38.Nf5 Kh8 39.Bd6 Rd7 40.Bxe5 Bxe5 41.Nxe5  1-0

[Event "Dutch Open 2012"]
[Site "Dieren NED"]
[Date "2012.07.25"]
[Round "2.18"]
[White "Markus,J"]
[Black "Vos,T"]
[Result "0-1"]
[WhiteElo "2147"]
[BlackElo "1958"]

1.d4 Nf6 2.Nf3 g6 3.c4 Bg7 4.Nc3 O-O 5.e4 d6 6.Be2 e5 7.O-O Nc6 8.d5 Ne7
9.Ne1 Nd7 10.Be3 f5 11.f3 f4 12.Bf2 g5 13.b4 Ng6 14.c5 Nf6 15.a4 h5 16.Rc1 g4
17.cxd6 cxd6 18.Nb5 Rf7 19.a5 g3 20.Bxa7 Nh7 21.hxg3 fxg3 22.f4 Nxf4 23.Bb6 Qh4
24.Nf3 Nxe2+ 25.Qxe2 Rxf3 26.gxf3 Ng5 27.Rxc8+ Rxc8 28.f4 Nh3+ 29.Kg2 Nxf4+
30.Rxf4 exf4 31.Bg1 Qg4  0-1

[Event "23rd Czech Open A"]
[Site "Pardubice CZE"]
[Date "2012.07.26"]
[Round "7.27"]
[White "Mozharov,M"]
[Black "Kriebel,T"]
[Result "1/2-1/2"]
[WhiteElo "2500"]
[BlackElo "2393"]

1.c4 Nf6 2.Nc3 g6 3.e4 d6 4.d4 Bg7 5.Be2 O-O 6.Nf3 e5 7.O-O Nc6 8.d5 Ne7
9.Ne1 Nd7 10.f3 f5 11.g4 f4 12.Kh1 Kf7 13.Rg1 Bf6 14.Bd2 Rh8 15.b4 b6 16.Nd3 Bg5
17.c5 h5 18.cxd6 cxd6 19.gxh5 Rxh5 20.Nb5 Nf6 21.Rxg5 Rxg5 22.Nxf4 exf4 23.Bxf4 Rh5
24.Nxd6+ Kg7 25.Qd4 Nxd5 26.Be5 Rxe5 27.Qxe5 Qe7 28.f4 Qxe5 29.fxe5 Nxb4
30.exf6+ Kxf6 31.a3 Nc6 32.Rc1 Bd7 33.Bb5 Nb8 34.Bxd7 Nxd7 35.Rc7 Nc5 36.Rc8 Rxc8
37.Nxc8 Nxe4 38.Nxa7 Nd6 39.Kg2 Ne4  1/2-1/2

[Event "TCh-CRC Premier 2012"]
[Site "San Jose CRC"]
[Date "2012.07.27"]
[Round "6.2"]
[White "Ramirez,Alej"]
[Black "Granados,C"]
[Result "1-0"]
[WhiteElo "2576"]
[BlackElo "2116"]

1.d4 Nf6 2.c4 g6 3.Nc3 Bg7 4.e4 d6 5.Nf3 O-O 6.Be2 e5 7.O-O Nc6 8.d5 Ne7
9.b4 c6 10.Rb1 a6 11.a4 a5 12.bxa5 c5 13.Bd2 Rxa5 14.Ne1 Nd7 15.Nd3 Ra6 16.Kh1 Kh8
17.g4 Nb6 18.Qb3 f5 19.f4 Nd7 20.exf5 gxf5 21.g5 Ng6 22.Bh5 Nxf4 23.Nxf4 exf4
24.Bxf4 Ne5 25.Nb5 Qa5 26.Nxd6 Rxd6 27.Qg3 Qxa4 28.Bxe5 Rd7 29.Bxg7+ Rxg7
30.Qd6 Rfg8 31.Qxc5 Qc2 32.Qd4 f4 33.Bf3 Qf5 34.Rg1  1-0

[Event "21st Kavala Open A"]
[Site "Kavala GRE"]
[Date "2012.07.28"]
[Round "5"]
[White "Nikolaidis,K"]
[Black "Jankovic,A"]
[Result "0-1"]
[WhiteElo "2279"]
[BlackElo "2543"]

1.d4 Nf6 2.c4 g6 3.Nc3 Bg7 4.e4 d6 5.Nf3 O-O 6.Be2 e5 7.O-O Nc6 8.d5 Ne7
9.b4 Ne8 10.c5 f5 11.Nd2 Nf6 12.f3 f4 13.Nc4 g5 14.Ba3 Ng6 15.b5 dxc5 16.Bxc5 Rf7
17.a4 h5 18.a5 g4 19.Re1 Bf8 20.Bxf8 Qxf8 21.Na4 Rg7 22.Bf1 gxf3 23.gxf3 Nh4+
24.Kf2 Rg5 25.Ra3 Qg7 26.Re2 Rg1 27.Qd3 Bh3 28.Bxh3 Rh1 29.Re1 Rxh2+ 30.Kf1 Qg3  0-1

[Event "3rd Terre degli Elimi"]
[Site "Erice ITA"]
[Date "2012.07.29"]
[Round "7"]
[White "Valguarnera,G"]
[Black "Santagati,A"]
[Result "0-1"]
[WhiteElo "2118"]
[BlackElo "2230"]

1.d4 Nf6 2.Nf3 g6 3.c4 Bg7 4.Nc3 d6 5.e4 O-O 6.Be2 e5 7.O-O Nc6 8.d5 Ne7
9.Bd2 Ne8 10.b4 f5 11.exf5 Nxf5 12.Ne4 Nf6 13.Nfg5 Nd4 14.Bd3 Bf5 15.a4 Kh8
16.Nxf6 Bxf6 17.Ne4 Bxe4 18.Bxe4 Bg7 19.Ra3 Kg8 20.Rh3 Qd7 21.c5 b6 22.c6 Qe7
23.Qg4 Rf7 24.Rxh7 Kxh7 25.Qxg6+ Kg8 26.Qh7+ Kf8 27.Bh6 Ke8 28.Bg6 Bxh6 29.Qxh6 Qf6
30.Bxf7+ Kxf7 31.Qh7+ Qg7 32.Qh3 Rg8 33.f4 e4 34.Rd1 Ne2+ 35.Kh1 Qg4 36.Qxg4 Rxg4
37.g3 Kf6 38.b5 Kf5 39.a5 Nc3 40.Re1 Nxd5 41.Kg2 Nxf4+ 42.Kf2 Nd5 43.axb6 axb6
44.Ke2 Rg8 45.Rf1+ Ke5 46.Rf7 Kd4 47.Rh7 Ra8 48.g4 Ra2+ 49.Kf1 Ne3+ 50.Kg1 Rg2+
51.Kh1 Rf2 52.h3 Nd5 53.Rh8 e3 54.Re8 e2  0-1

[Event "21st Kavala Open A"]
[Site "Kavala GRE"]
[Date "2012.07.29"]
[Round "6"]
[White "Jankovic,A"]
[Black "Pavlidis,Ant"]
[Result "0-1"]
[WhiteElo "2543"]
[BlackElo "2462"]

1.d4 Nf6 2.c4 g6 3.Nc3 Bg7 4.e4 d6 5.Nf3 O-O 6.Be2 e5 7.O-O Nc6 8.d5 Ne7
9.Ne1 Nd7 10.Nd3 f5 11.Bd2 Nf6 12.f3 f4 13.c5 g5 14.cxd6 cxd6 15.Nf2 h5 16.h3 Kh8
17.Qc2 a6 18.a4 Rg8 19.a5 Bh6 20.Na4 g4 21.fxg4 hxg4 22.hxg4 Nxg4 23.Nb6 Ne3
24.Bxe3 fxe3 25.Nxa8 exf2+ 26.Rxf2 Be3 27.Nb6 Ng6 28.Qxc8 Bxf2+ 29.Kf1 Bxb6
30.Qh3+ Kg7 31.axb6 Rh8 32.Bh5 Nf4 33.Qg4+ Kh6 34.Bf7 Rf8 35.Kf2 Rxf7 36.Rh1+ Nh5+
37.Ke2 Qg5 38.Qh3 Kg6 39.Kd1 Rf2  0-1

[Event "21st Kavala Open A"]
[Site "Kavala GRE"]
[Date "2012.07.29"]
[Round "6"]
[White "Antic,De"]
[Black "Ladopoulos,D"]
[Result "1/2-1/2"]
[WhiteElo "2506"]
[BlackElo "2010"]

1.d4 Nf6 2.c4 g6 3.Nc3 Bg7 4.e4 d6 5.Nf3 O-O 6.Be2 e5 7.O-O Nc6 8.d5 Ne7
9.b4 Nh5 10.g3 f5 11.Ng5 Nf6 12.Bf3 c6 13.Ba3 h6 14.Ne6 Bxe6 15.dxe6 fxe4
16.Bxe4 Nxe4 17.Nxe4 d5 18.Nc5 Qd6 19.Nxb7 Qxe6 20.b5 d4 21.Qd3 cxb5 22.cxb5 Qd5
23.Bxe7 Rf3 24.Qxg6 Qxb7 25.Qe6+ Rf7 26.Bd6 Qxb5 27.Rac1 Qd7 28.Qxd7 Rxd7
29.Rc6 Re8 30.Bc5 e4 31.Rd1 Re5 32.Kg2 Rf5 33.a4 a5 34.Bb6 Kf7 35.g4 Rfd5
36.h4 R5d6 37.Rxd6 Rxd6 38.Rb1 Rd5 39.Re1 d3 40.Be3 h5 41.gxh5 Rxh5 42.Kg3 Bh6
43.Bxh6 Rxh6 44.Rxe4 Rd6 45.Re1 d2 46.Rd1 Kg6 47.Kf3  1/2-1/2

[Event "45th Biel Masters Open"]
[Site "Biel SUI"]
[Date "2012.07.30"]
[Round "7"]
[White "Pelletier,Y"]
[Black "Vishnu,P"]
[Result "1-0"]
[WhiteElo "2599"]
[BlackElo "2435"]

1.Nf3 Nf6 2.c4 g6 3.Nc3 Bg7 4.d4 O-O 5.e4 d6 6.Be2 e5 7.O-O Nc6 8.d5 Ne7
9.b4 a5 10.Ba3 Nh5 11.bxa5 Nf4 12.c5 Rxa5 13.Bb4 Ra8 14.cxd6 cxd6 15.Nd2 f5
16.Nc4 Ra6 17.f3 Bd7 18.a4 fxe4 19.fxe4 b5 20.Nxd6 Rxd6 21.Bxd6 Qb6+ 22.Kh1 Qxd6
23.Bxb5 Bc8 24.Qb3 Kh8 25.Qa3 Qd8 26.a5 Bb7 27.a6 Ba8 28.a7 g5 29.Qc5 g4
30.g3 Nh3 31.Be2 h5 32.Rab1 Rxf1+ 33.Bxf1 Ng8 34.Rb8 Qf6 35.Be2 Nf2+ 36.Kg2 Nd3
37.Qb6 Ne1+ 38.Kh1  1-0

[Event "Politiken Cup 2012"]
[Site "Helsingor DEN"]
[Date "2012.07.30"]
[Round "4.70"]
[White "Stojanovski,Sa"]
[Black "Molin,C"]
[Result "1-0"]
[WhiteElo "2191"]
[BlackElo "1993"]

1.d4 Nf6 2.c4 g6 3.Nc3 Bg7 4.e4 O-O 5.Nf3 d6 6.Be2 e5 7.O-O Nc6 8.d5 Ne7
9.Ne1 Nd7 10.Nd3 f5 11.f3 Nf6 12.Bd2 Kh8 13.c5 Rf7 14.Rc1 Ne8 15.f4 fxe4
16.Nxe4 Nxd5 17.fxe5 Re7 18.Bg5 dxe5 19.Nb4 c6 20.Nxd5 cxd5 21.Rf7 Rxf7 22.Bxd8 dxe4
23.Bb5 Bg4 24.Qd5 Rf8 25.Be7 Rg8 26.Bc4 Nf6 27.Qd6  1-0

[Event "Tabor Open 2012"]
[Site "Tabor CZE"]
[Date "2012.07.30"]
[Round "2.5"]
[White "Kislik,E"]
[Black "Mareckova,M"]
[Result "1-0"]
[WhiteElo "2408"]
[BlackElo "2089"]

1.d4 Nf6 2.c4 g6 3.Nc3 Bg7 4.e4 d6 5.Nf3 O-O 6.Be2 e5 7.O-O Nc6 8.d5 Ne7
9.b4 Nh5 10.Re1 f5 11.Rb1 Nf4 12.Bf1 a5 13.b5 b6 14.Rb3 h6 15.a4 g5 16.Bb2 Neg6
17.Nd2 g4 18.Qa1 h5 19.Rd1 h4 20.c5 dxc5 21.Nc4 g3 22.hxg3 hxg3 23.fxg3 Nh5
24.Ne2 fxe4 25.Nxe5 Qg5 26.Nxg6 Qxg6 27.Bxg7 Qxg7 28.Qxg7+ Nxg7 29.Re3 Re8
30.Nc3 Nf5 31.Rxe4 Rxe4 32.Nxe4 Bb7 33.Be2 Rd8 34.Bg4 Nd4 35.Nc3 Kg7 36.Re1 Bxd5
37.Re7+ Kf6 38.Rxc7 Bb3 39.Rb7 Kg5 40.Bh3 Nc2 41.Ne4+ Kg6 42.Rxb6+ Kg7 43.Nxc5 Rd1+
44.Kh2 Bc4 45.Rb7+ Kg6 46.Be6 Ne3 47.Rb6 Kh5 48.g4+ Nxg4+ 49.Bxg4+ Kxg4 50.Rg6+ Kf5
51.Rg3 Ke5 52.Nb7  1-0

[Event "Tabor Open 2012"]
[Site "Tabor CZE"]
[Date "2012.07.30"]
[Round "3.17"]
[White "Zapletal,Jindrich"]
[Black "Cieslak,L"]
[Result "1/2-1/2"]
[WhiteElo "2168"]
[BlackElo "1978"]

1.d4 Nf6 2.c4 g6 3.Nc3 Bg7 4.e4 d6 5.Nf3 O-O 6.Be2 e5 7.O-O Nc6 8.d5 Ne7
9.Ne1 Nd7 10.Be3 f5 11.f3 f4 12.Bf2 g5 13.Rc1 Nf6 14.c5 Ng6 15.Nd3 Rf7 16.cxd6 cxd6
17.Kh1 Bf8 18.Nb5 g4 19.Qc2 g3  1/2-1/2

[Event "Politiken Cup 2012"]
[Site "Helsingor DEN"]
[Date "2012.07.31"]
[Round "5.52"]
[White "Van Heirzeele,D"]
[Black "Svanholm,B"]
[Result "1-0"]
[WhiteElo "2145"]
[BlackElo "1905"]

1.d4 Nf6 2.c4 g6 3.Nc3 Bg7 4.e4 d6 5.Nf3 O-O 6.Be2 e5 7.O-O Nc6 8.d5 Ne7
9.Be3 Nd7 10.Nd2 f5 11.f3 f4 12.Bf2 g5 13.b4 Nf6 14.c5 Ng6 15.Nc4 Rf7 16.cxd6 cxd6
17.Nb5 Bf8 18.Nxa7 Rxa7 19.Bxa7 b5 20.Bb6 Qe8 21.Nd2 h5 22.a4 bxa4 23.Qxa4 Bd7
24.Qa8 Qxa8 25.Rxa8 g4 26.Rc1 Nh4 27.Bf2 g3 28.hxg3 fxg3 29.Bxg3 Ng6 30.b5 h4
31.Bh2 Nh5 32.b6 Ngf4 33.Bxf4 Nxf4 34.Bf1 Rg7 35.b7 Nxg2 36.Bxg2 h3 37.b8=Q Rxg2+
38.Kh1  1-0

[Event "Politiken Cup 2012"]
[Site "Helsingor DEN"]
[Date "2012.08.01"]
[Round "6.19"]
[White "Cherednichenko,S"]
[Black "Pedersen,Christo"]
[Result "1-0"]
[WhiteElo "2293"]
[BlackElo "2041"]

1.d4 g6 2.c4 Bg7 3.Nf3 d6 4.e4 Nf6 5.Nc3 O-O 6.Be2 e5 7.O-O Nc6 8.d5 Ne7
9.Ne1 Nd7 10.Nd3 f5 11.Bd2 c5 12.f3 f4 13.g4 h5 14.g5 Rf7 15.h4 Nf8 16.Kf2 Nh7
17.Rh1 Bd7 18.Bf1 Nc8 19.a3 Nb6 20.b3 a6 21.Nb2 Qc8 22.b4 Qc7 23.Qb3 Rc8
24.a4 Na8 25.a5 b6 26.b5 bxa5 27.bxa6 Rb8 28.Nb5 Qb6 29.Rxa5 Bc8 30.Qa2 Qd8
31.a7 Rb6 32.Bh3 Bxh3 33.Rxh3 Qc8 34.Rh1 Rd7 35.Qa1 Bf8 36.Qf1 Be7 37.Qh3 Nf8
38.Rha1 Kf7 39.R1a2 Ke8 40.Nd3 Kf7 41.Bc3 Rd8 42.Qxc8 Rxc8 43.Nxe5+ dxe5
44.Bxe5 Nd7 45.Bxf4 Rb7 46.Ke2 Ndb6 47.Kd3 Ke8 48.e5  1-0

[Event "Tabor Open 2012"]
[Site "Tabor CZE"]
[Date "2012.08.01"]
[Round "5.9"]
[White "Ganaus,H"]
[Black "Meszaros,Lu"]
[Result "1-0"]
[WhiteElo "2318"]
[BlackElo "2153"]

1.d4 Nf6 2.c4 g6 3.Nc3 Bg7 4.e4 d6 5.Nf3 O-O 6.Be2 e5 7.O-O Nc6 8.d5 Ne7
9.Bd2 Nh5 10.g3 Bh3 11.Re1 h6 12.Nh4 Qd7 13.a4 Kh7 14.Ra3 Nf6 15.Qc2 g5 16.Ng2 Kh8
17.Ne3 h5 18.f3 Bh6 19.Ncd1 Qc8 20.Nf2 Bd7 21.a5 a6 22.c5 Qd8 23.Rc1 Ne8
24.cxd6 cxd6 25.g4 h4 26.Nf5 Bxf5 27.gxf5 Rc8 28.Rc3 Rxc3 29.Qxc3 Ng8 30.Ng4 Nef6
31.Qc7 Nxg4 32.Qxd8 Rxd8 33.fxg4 Nf6 34.Rc4 Kg7 35.Kf2 Kf8 36.Kf3 Ke7 37.Bd1 Ne8
38.Be3 f6 39.Bb6 Rb8 40.Ba4 Bf8 41.Ke2 Kf7 42.Bd7  1-0

[Event "CECLUB 1st Div GpA 2012"]
[Site "Don Benito ESP"]
[Date "2012.08.03"]
[Round "5"]
[White "Rodriguez Lopez,Ra"]
[Black "Suarez Real,A"]
[Result "1/2-1/2"]
[WhiteElo "2244"]
[BlackElo "2400"]

1.d4 Nf6 2.c4 g6 3.Nc3 Bg7 4.e4 d6 5.Nf3 O-O 6.Be2 e5 7.O-O Nc6 8.Be3 Ng4
9.Bg5 f6 10.Bc1 Nh6 11.d5 Ne7 12.b4 a5 13.Ba3 b6 14.bxa5 Rxa5 15.Bb4 Ra8
16.a4 Nf7 17.Nb5 f5 18.Nd2 Bh6 19.Bd3 fxe4 20.Nxe4 Nf5 21.a5 bxa5 22.Rxa5 Rb8
23.Re1 Nh4 24.Ra3 Ng5 25.Nxg5 Qxg5 26.Be4 Bg4 27.Qd3 Nf3+ 28.Bxf3 Rxf3 29.h4 Rxd3
30.hxg5 Rxa3 31.Bxa3 Bxg5 32.Nxc7 Bd2 33.Ra1 Bc3 34.Rc1 Bd2 35.Ra1 Bc3 36.Rc1 Bd2
37.Ra1  1/2-1/2

[Event "Politiken Cup 2012"]
[Site "Helsingor DEN"]
[Date "2012.08.03"]
[Round "8.40"]
[White "Stojanovski,Sa"]
[Black "Vesterli,M"]
[Result "1-0"]
[WhiteElo "2191"]
[BlackElo "2029"]

1.Nf3 Nf6 2.c4 g6 3.Nc3 Bg7 4.e4 d6 5.d4 O-O 6.Be2 e5 7.O-O Nc6 8.d5 Ne7
9.Ne1 Nd7 10.Nd3 f5 11.f3 f4 12.Bd2 g5 13.Rc1 Ng6 14.c5 Nf6 15.Nb5 Rf7 16.Ba5 b6
17.cxb6 cxb6 18.Be1 a6 19.Nc3 h5 20.Nb4 g4 21.Nc6 Qd7 22.Na4 g3 23.Nxb6 gxh2+
24.Kxh2 Qb7 25.Nxa8 Qxa8 26.Qb3 Rb7 27.Qa3 Rc7 28.Bb4 Ng4+ 29.fxg4 hxg4 30.Bxd6 Bf8
31.Bxf8 g3+ 32.Kg1 Rh7 33.Qd6 Qb7 34.Qxg6+ Kxf8 35.Qxg3 Bf5 36.Qa3+ Ke8 37.exf5  1-0

[Event "Olomouc GM Valoz Cup"]
[Site "Olomouc CZE"]
[Date "2012.08.03"]
[Round "3.2"]
[White "Arutinian,D"]
[Black "Bae,T"]
[Result "1-0"]
[WhiteElo "2558"]
[BlackElo "2420"]

1.c4 Nf6 2.Nc3 g6 3.e4 d6 4.d4 Bg7 5.Nf3 O-O 6.Be2 e5 7.O-O Nc6 8.d5 Ne7
9.Ne1 Nd7 10.Be3 f5 11.f3 f4 12.Bf2 g5 13.Rc1 Rf6 14.Nd3 Rg6 15.c5 a6 16.c6 bxc6
17.dxc6 Nf6 18.Nxe5 Be6 19.Nxg6 Nxg6 20.Nd5 Kh8 21.Bc4 Bc8 22.Bd4 Nxd5 23.exd5 Bxd4+
24.Qxd4+ Ne5 25.Bd3 Qf6 26.Kh1 Bf5 27.Bxf5 Qxf5 28.Rce1 h5 29.Re4 Kh7 30.Rfe1 Re8
31.b4 g4 32.Rf1 gxf3 33.Rxf4 fxg2+ 34.Kxg2 Qg6+ 35.Kh1 Ng4 36.h3 Ne5 37.Qe4  1-0

[Event "Wasselonne Open 2012"]
[Site "Wasselonne FRA"]
[Date "2012.08.03"]
[Round "3.1"]
[White "Sumets,A"]
[Black "Carrillo,J"]
[Result "1-0"]
[WhiteElo "2616"]
[BlackElo "2101"]

1.d4 Nf6 2.c4 g6 3.Nc3 Bg7 4.e4 d6 5.Nf3 O-O 6.Be2 e5 7.O-O Nc6 8.d5 Ne7
9.b4 a5 10.bxa5 Nh5 11.g3 f5 12.Ng5 Nf6 13.Bf3 fxe4 14.Ncxe4 Nxe4 15.Bxe4 Rxa5
16.Bd2 Ra6 17.Ne6 Bxe6 18.dxe6 Qc8 19.a4 c6 20.Qb3 Nf5 21.Rfb1 Qxe6 22.Qxb7 Qxc4
23.Bxf5 Rxf5 24.Rb4 Qe2 25.Be3 Bf8 26.Qc8 c5 27.Qe6+ Kh8 28.Rb8 Rxa4 29.Rf1 Rb4
30.Rc8 Rd4 31.Qe7 Qf3 32.Bh6 Kg8 33.Qg7+  1-0

[Event "Tabor Open 2012"]
[Site "Tabor CZE"]
[Date "2012.08.04"]
[Round "8.17"]
[White "Popelka,O"]
[Black "Houska,Ji"]
[Result "0-1"]
[WhiteElo "2030"]
[BlackElo "2183"]

1.c4 g6 2.Nc3 Bg7 3.e4 d6 4.d4 Nf6 5.Nf3 O-O 6.Be2 e5 7.O-O Nc6 8.dxe5 dxe5
9.Be3 Bg4 10.h3 Bxf3 11.Bxf3 Nd4 12.Nb5 c5 13.Nc3 Ne8 14.Be2 Nd6 15.Bd3 f5
16.f4 fxe4 17.Bxe4 Nxe4 18.Nxe4 exf4 19.Bxf4 Qh4 20.g3 Qxh3 21.Nxc5 Rae8
22.Rf2 Ne2+ 23.Rxe2 Rxe2 24.Qxe2 Bd4+ 25.Be3 Qxg3+ 26.Kh1 Qh3+  0-1

[Event "10th EU U14 2012"]
[Site "Mureck AUT"]
[Date "2012.08.05"]
[Round "5.3"]
[White "Huber,Mart AUT"]
[Black "Bilchinski,Anton"]
[Result "1/2-1/2"]
[WhiteElo "2185"]
[BlackElo "1869"]

1.d4 Nf6 2.c4 g6 3.Nc3 Bg7 4.e4 d6 5.Nf3 O-O 6.Be2 e5 7.O-O Nc6 8.d5 Ne7
9.Ne1 Nd7 10.Nd3 f5 11.f3 Rf7 12.Bd2 c5 13.a3 a6 14.b4 Qc7 15.Be3 f4 16.Bf2 b6
17.bxc5 bxc5 18.g4 fxg3 19.hxg3 g5 20.Be3 h6 21.Rb1 Ng6 22.Qa4 Nb6 23.Qb3 Rb8
24.Na4 Nd7 25.Qc2 Nb6 26.Bd2 Qa7 27.Nxb6 Rxb6 28.Rxb6 Qxb6 29.Rb1 Qa7 30.Qa4 Rd7
31.Ba5 Kf8 32.Rb6 Kf7 33.Bf1 Ne7 34.Kh2 Rb7 35.Rxd6 Bd7 36.Rxd7 Rxd7 37.Bb6 Qb7
38.Nxc5 Qxb6 39.Nxd7 Qf2+ 40.Bg2 h5 41.Qxa6 h4 42.Qe6+ Ke8 43.Nf6+ Bxf6 44.Qxf6 Qxg3+
45.Kh1  1/2-1/2

[Event "ch-POR 2012"]
[Site "Pampilhosa da Serra POR"]
[Date "2012.08.06"]
[Round "3.3"]
[White "Rocha,S"]
[Black "Carneiro,C"]
[Result "1-0"]
[WhiteElo "2404"]
[BlackElo "2262"]

1.Nf3 g6 2.c4 Bg7 3.Nc3 Nf6 4.e4 d6 5.d4 O-O 6.Be2 e5 7.O-O Nc6 8.d5 Ne7
9.b4 a5 10.bxa5 Rxa5 11.a4 Nd7 12.Ba3 Nc5 13.Bb4 Ra8 14.Nd2 Na6 15.Ba3 c5
16.dxc6 Nxc6 17.Nb3 Nd4 18.Nb5 Nxb3 19.Qxb3 Nc5 20.Qe3 Rxa4 21.Rad1 Qh4 22.g3 Qh6
23.Bxc5 dxc5 24.Qxc5 Ra2 25.Rfe1 Be6 26.Nc7 Rxe2 27.Rxe2 Bg4 28.Red2 Bxd1
29.Rxd1 Qh5 30.Rd7 Qf3 31.Qd5 h5 32.h4 Bf6 33.Ne8 b6 34.Nxf6+ Qxf6 35.Rd6 Qg7
36.Rxb6 g5 37.hxg5 Qxg5 38.Rb5 Re8 39.Qd7 Re6 40.Rb8+ Kg7 41.Qc8 Qh6 42.Qg8+ Kf6
43.Rb3 Qg7 44.Qd8+ Kg6 45.c5 Kh7 46.Rb6 Qg6 47.Rxe6 Qxe6 48.Qg5  1-0

[Event "Open ch-MKD 2012"]
[Site "Struga MKD"]
[Date "2012.08.06"]
[Round "3.3"]
[White "Menkinoski,R"]
[Black "Veleski,R"]
[Result "1-0"]
[WhiteElo "2352"]
[BlackElo "2287"]

1.Nf3 d6 2.d4 g6 3.c4 Bg7 4.Nc3 Nf6 5.e4 O-O 6.Be2 e5 7.O-O Nc6 8.d5 Ne7
9.b4 Nh5 10.Re1 Nf4 11.Bf1 f5 12.Bxf4 exf4 13.e5 dxe5 14.Nxe5 g5 15.Qb3 Ng6
16.Nxg6 hxg6 17.c5 Kh7 18.Rad1 g4 19.d6 cxd6 20.Rxd6 Qg5 21.Nd5 f3 22.g3 f4
23.Nxf4 Rxf4 24.gxf4 Qxf4 25.Re7 Bf5 26.Qf7 Rg8 27.Rxg6  1-0

[Event "Miguel Najdorf Open A"]
[Site "Warsaw POL"]
[Date "2012.08.06"]
[Round "1.5"]
[White "Gasik,P"]
[Black "Socko,M"]
[Result "1-0"]
[WhiteElo "2132"]
[BlackElo "2467"]

1.c4 Nf6 2.Nc3 g6 3.e4 d6 4.d4 Bg7 5.Nf3 O-O 6.Be2 e5 7.O-O Nc6 8.d5 Ne7
9.Ne1 Nd7 10.Nd3 f5 11.Bd2 Nf6 12.f3 f4 13.c5 g5 14.cxd6 cxd6 15.Rc1 h5 16.h3 Ng6
17.Nf2 Rf7 18.a4 Bf8 19.Nb5 Rg7 20.Qc2 g4 21.Nc7 gxf3 22.Nxa8 Bd7 23.gxf3 Qxa8
24.Kh1 Nh7 25.Bb5 Bxb5 26.axb5 Qd8 27.Qc8 Qh4 28.Qe6+ Kh8 29.Nd3 Ne7 30.Be1 Qg5
31.Rc2 Rg6 32.h4 Qh6 33.Qh3 Nf6 34.Rg1 Rxg1+ 35.Kxg1 Nexd5 36.exd5 Qg6+ 37.Rg2 Qxd3
38.Qe6 Ng4 39.fxg4 Qd1 40.Qf6+ Bg7 41.Qd8+ Kh7 42.Qa5 e4 43.Qd2 Qa1 44.Re2 e3
45.Qc2+ Kg8 46.Qc8+ Kh7 47.Qf5+ Kg8 48.gxh5 Qd1 49.Kf1 Qd4 50.Rc2  1-0

[Event "Euro Chess Tournament GpA 2012"]
[Site "Borne NED"]
[Date "2012.08.07"]
[Round "2"]
[White "Maris,Iv"]
[Black "Senders,Justin"]
[Result "1/2-1/2"]
[WhiteElo "2044"]
[BlackElo "1913"]

1.d4 Nf6 2.c4 g6 3.Nc3 Bg7 4.e4 d6 5.Nf3 O-O 6.Be2 e5 7.O-O Nc6 8.d5 Ne7
9.Ne1 Nd7 10.Be3 f5 11.f3 f4 12.Bf2 g5 13.a4 Ng6 14.Nb5 a6 15.Na7 Rxa7 16.Bxa7 b6
17.a5 Rf7 18.Qb3 Bf8 19.Nc2 h5 20.Nb4 Nc5 21.Qd1 Rh7 22.Nc6 Qf6 23.Kf2 g4
24.Ke1 Qh4+ 25.Kd2 Qxh2 26.Rg1 Nh4 27.Qf1 Nb3+ 28.Kc3 Nxa1 29.Qxa1 Rg7 30.axb6 gxf3
31.b7 Bxb7 32.Bxf3 Nxg2 33.Qd1 Nh4 34.Rxg7+ Kxg7 35.Bxh5 Qg3+ 36.Kc2 Qg2+
37.Qe2 Kh6 38.Qxg2 Nxg2 39.Bg4 Kg5 40.Bf5 Bxc6 41.dxc6 Be7 42.b4 Ne3+ 43.Bxe3 fxe3
44.b5 axb5 45.cxb5 Bd8 46.Kd3 d5 47.Kxe3 d4+ 48.Kd3 Kf4 49.Be6 Kf3 50.Bb3 Kf4
51.Bd1 Kg5 52.Kc4 Kg6 53.Kd5 Kf7 54.Bc2 Ke8 55.Kxe5 Bh4 56.Kxd4 Kd8 57.Kd5 Bg5
58.Ke6 Bh4 59.Bd1 Bg5 60.Bg4 Bh4 61.Kd5 Bg5 62.e5 Be3 63.Bd7 Ke7 64.Kc4 Bg1
65.Kb4 Bf2 66.Ka5 Bg1 67.Ka6 Bf2 68.Kb7 Bb6 69.Bf5 Ba5  1/2-1/2